| 000 | 00507nam a2200193Ia 4500 | ||
|---|---|---|---|
| 005 | 20260429112158.0 | ||
| 008 | 260429s9999||||xx |||||||||||||| ||und|| | ||
| 020 | _a9781529779936 | ||
| 041 | _aEnglish | ||
| 082 |
_a808 _bPER |
||
| 100 | _aPertet, Anne | ||
| 245 | 0 |
_aScience of academic writing : _ba guide for postgraduates / _cAnne Pertet |
|
| 250 | _a1st ed. | ||
| 260 |
_aLondon : _bSage, _c2025. |
||
| 300 | _ax, 244 p.; pbk | ||
| 650 | _a Science | ||
| 650 | _aAcademic writing | ||
| 942 | _cTB | ||
| 999 |
_c52750 _d52750 |
||